Memoria de la Justicia Federal de Sección de la Provincia de Salta (Registro nro. 3632)

Detalles MARC
000 -LEADER
fixed length control field 01079 a2200241 4500
001 - CONTROL NUMBER
control field 42637
005 - DATE AND TIME OF LATEST TRANSACTION
control field 20260407155714.0
008 - FIXED-LENGTH DATA ELEMENTS--GENERAL INFORMATION
fixed length control field 260407a2017 arg spa d
003 - CONTROL NUMBER IDENTIFIER
control field AR-UNSa-BCEJYS
040 ## - CATALOGING SOURCE
Original cataloging agency AR-UNSa-BCEJYS
Language of cataloging spa
Transcribing agency AR-UNSa-BCEJYS
080 ## - UNIVERSAL DECIMAL CLASSIFICATION NUMBER
Universal Decimal Classification number 347.99(826.7)
Common auxiliary subdivision Clases de juzgados y tribunales y sus jurisdicciones (Jusgado Federal de Salta)
020 ## - INTERNATIONAL STANDARD BOOK NUMBER
International Standard Book Number 978-987-698-182-8
041 ## - LANGUAGE CODE
Language code of text/sound track or separate title spa
100 1# - MAIN ENTRY--PERSONAL NAME
Personal name Rabbi-Baldi Cabanillas, Luis Renato
245 10 - TITLE STATEMENT
Title Memoria de la Justicia Federal de Sección de la Provincia de Salta
Name of part/section of a work 1863-2017
264 #1 - PRODUCTION, PUBLICATION, DISTRIBUTION, MANUFACTURE, AND COPYRIGHT NOTICE
Place of production, publication, distribution, manufacture Salta :
Name of producer, publisher, distributor, manufacturer Mundo Gráfico Salta
Date of production, publication, distribution, manufacture, or copyright notice 2017
300 ## - PHYSICAL DESCRIPTION
Extent 169 p.
Dimensions 20 cm.
505 ## - FORMATTED CONTENTS NOTE
Formatted contents note 1. Historía de la Justicia Federal de Salta - 2. El edificio de oficinas nacionales de Salta - 3. Actividades de gestión de la Justicia Federal de Salta - 4. Conclusiones y prospectivas para la Justicia Federal de Salta
590 ## - LOCAL NOTE (RLIN)
Local note niveau_biblio:m niveau_hierar:0
700 1# - ADDED ENTRY--PERSONAL NAME
Personal name Catalano, Mariana Inés
856 41 - ELECTRONIC LOCATION AND ACCESS
Uniform Resource Identifier <a href="https://biblioeco.unsa.edu.ar/pmb/images/libros/L126582.jpg">https://biblioeco.unsa.edu.ar/pmb/images/libros/L126582.jpg</a>
Link text Imagen de portada
Electronic format type image/jpeg
942 ## - ADDED ENTRY ELEMENTS (KOHA)
Koha item type
Existencias
Withdrawn status Lost status Damaged status Not for loan Home library Current library Shelving location Date acquired Total checkouts Full call number Barcode Date last seen Price effective from Koha item type
        Biblioteca Prof. Eusebio Cleto del Rey Biblioteca Prof. Eusebio Cleto del Rey   07/04/2026   347.99(826.7) C357 L126582 07/04/2026 07/04/2026 Libro